00612cam a2200205 a 450000100100000000500170001000800410002702000150006804000230008308200250010610000280013124500770015925000110023626000340024730000210028149000300030265000200033265000240035283000300037600000901320200929161449.0960703s2000 mx 000 f spa d a9681902688 aDO-SdBNPcDLCdDLC aM863.44bF954f, 20001 aFuentes, Carlos,11928-13aLa frontera de cristal :buna novela en nueve cuentos /cCarlos Fuentes. a2a ed. aMéxico :bAlfaguara,c2000. a298 p. ;c22 cm.1 aBiblioteca Carlos Fuentes 4aNovela mexicana 4aLiteratura mexicana 0aBiblioteca Carlos Fuentes